00233nam a22000977a 4500003000400000082001600004100002200020245006700042260001900109300000700128SGT a617.3bC75C aCrelin, Edmund S. aClinical SymposiabDevelopment of the Lower Respiratory System bC.I.B.A.c1975 a28